|
|
|
|
| LEADER |
01044nam a22003015a 4500 |
| 001 |
2808 |
| 003 |
BD-DhAAL |
| 005 |
20150617111152.0 |
| 008 |
150617s1999 dcu b 000 0 eng |
| 010 |
|
|
|a 99070891
|
| 020 |
|
|
|a 1878071475 (pbk.)
|
| 040 |
|
|
|a DLC
|c DLC
|d DLC
|d BD-DhAAL
|
| 050 |
0 |
0 |
|a GC1018
|b .M34 1999
|
| 082 |
0 |
0 |
|a 333.91/6416
|2 21
|
| 100 |
1 |
|
|a McGinn, Anne Platt.
|9 12227
|
| 245 |
1 |
0 |
|a Safeguarding the health of oceans /
|c Anne Platt McGinn ; Jane A. Peterson, editor.
|
| 260 |
|
|
|a Washington, DC :
|b Worldwatch Institute,
|c 1999.
|
| 300 |
|
|
|a 87 p. :
|b ill. ;
|c 22 cm.
|
| 490 |
|
|
|a Worldwatch paper ;
|v 145
|
| 500 |
|
|
|a "March 1999."
|
| 504 |
|
|
|a Includes bibliographical references (p. 70-87)
|
| 541 |
|
|
|e 2808
|
| 650 |
|
0 |
|a Marine resources conservation.
|9 12228
|
| 650 |
|
0 |
|a Ocean.
|9 12229
|
| 700 |
1 |
|
|a Peterson, Jane A.
|9 6503
|
| 942 |
|
|
|2 ddc
|c BK
|
| 999 |
|
|
|c 34767
|d 34767
|
| 952 |
|
|
|0 0
|1 0
|2 ddc
|4 0
|6 333_916416000000000_MCG
|7 0
|9 54375
|a SCL
|b SCL
|c GEN
|d 2015-06-17
|l 0
|o 333.916416 MCG
|p 3020002808
|r 2015-06-17
|t 1
|w 2015-06-17
|y BK
|